[Event "32nd Taminco Open"]
[Site "Ghent BEL"]
[Date "2009.07.20"]
[Round "6"]
[White "Akesson,R"]
[Black "Renette,H"]
[Result "1-0"]
[WhiteElo "2469"]
[BlackElo "2320"]

1.d4 Nf6 2.c4 g6 3.Nc3 Bg7 4.e4 d6 5.Nf3 O-O 6.Be2 e5 7.Be3 Na6 8.O-O Ng4
9.Bg5 Qe8 10.dxe5 dxe5 11.h3 f6 12.Bd2 Nh6 13.c5 Nxc5 14.Qc2 Nf7 15.Nd5 Ne6
16.Nxc7 Nxc7 17.Qxc7 Nd8 18.Rac1 Rf7 19.Qxc8 Rxc8 20.Rxc8 Qd7 21.Ra8 Bf8
22.Rd1 Ne6 23.Bh6 Qc6 24.Rc1 Qxe4 25.Bc4 b5 26.Rxf8+ Nxf8 27.Bb3 Qb7 28.Rd1 Qc7
29.Nh2 Qe7 30.Rc1 Qd7 31.Ng4 Ne6 32.Rd1 Qxd1+ 33.Bxd1 Nd4 34.Be3 Kg7 35.f4 Nf5
36.fxe5 Nxe3 37.exf6+ Rxf6 38.Nxe3 Rd6 39.Kf1 Rd2 40.Bc2 Kf6 41.Ke1 Rd7 42.Ke2 Ke5
43.Bd3 Kf4 44.Nf1 Re7+ 45.Kf2 a6 46.g3+ Ke5 47.Ke3 Kd5+ 48.Kd2 Kd4 49.Be2 h6
50.Nh2 Re3 51.Nf1 Re7 52.Bd3 Rf7 53.Be2 Re7 54.g4 Rf7 55.h4 Rf2 56.h5 gxh5
57.gxh5 Ke4 58.Ne3 Kf4 59.Nd5+ Ke5 60.Nb4 Rf6 61.Ke3 a5 62.Nd3+ Kd5 63.Bf3+ Kc4
64.Ne5+ Kb4 65.Nc6+ Kc5 66.Nxa5 Ra6 67.Nb3+ Kb4 68.Nc1 Re6+ 69.Be4 Kc5 70.Nd3+  1-0

[Event "TCh Eur-Youth U18"]
[Site "Pardubice CZE"]
[Date "2009.07.20"]
[Round "5"]
[White "Klim,K"]
[Black "Stocko,J"]
[Result "1-0"]
[WhiteElo "2280"]
[BlackElo "2138"]

1.d4 Nf6 2.c4 d6 3.Nc3 g6 4.e4 Bg7 5.Nf3 O-O 6.Be2 Nbd7 7.O-O e5 8.Qc2 c6
9.Rd1 Qc7 10.h3 Re8 11.d5 c5 12.Be3 a6 13.Rab1 Rb8 14.Nd2 h6 15.b4 cxb4 16.Rxb4 Nc5
17.Rb2 Nfd7 18.Bg4 h5 19.Bxd7 Bxd7 20.Nb3 Nxb3 21.axb3 b5 22.c5 f5 23.c6 Bc8
24.exf5 gxf5 25.Ra2 Qe7 26.f3 b4 27.Nb1 f4 28.Bf2 Qg5 29.h4 Qf6 30.Nd2 Kh8
31.Ne4 Qg6 32.Kf1 Rg8 33.Be1 Bf5 34.Rd2 Rb5 35.Qc4 Rbb8 36.Rxa6 Bh6 37.c7 Ra8
38.Rxd6 Qg7 39.Qc6 Bxe4 40.fxe4 Kh7 41.Rd7 Rh8  1-0

[Event "Najdorf Mem Open"]
[Site "Warsaw POL"]
[Date "2009.07.20"]
[Round "3"]
[White "Ivanov,Sergey1"]
[Black "Spicak,K"]
[Result "1-0"]
[WhiteElo "2528"]
[BlackElo "2006"]

1.d4 g6 2.e4 Bg7 3.c4 d6 4.Nc3 Nf6 5.Nf3 O-O 6.Be2 Nbd7 7.O-O e5 8.Re1 c6
9.Bf1 Qc7 10.d5 a5 11.b3 Nh5 12.Bg5 Bf6 13.Qd2 Bxg5 14.Nxg5 Ndf6 15.dxc6 bxc6
16.Rad1 Ne8 17.c5 dxc5 18.Na4 h6 19.Nf3 Bg4 20.Qc3 Nf4 21.Nxc5 Nf6 22.g3 Ne6
23.Nxe6 fxe6 24.Rd3 Bxf3 25.Rxf3 Rad8 26.Bc4 Kg7 27.Bxe6 Qd6 28.Bc4 Ng4 29.h3 Nf6
30.Kg2 Qc5 31.Bf1 Qxc3 32.Rxc3 Rd2 33.Re2 Rxe2 34.Bxe2 Nxe4 35.Re3 Nxf2 36.Rxe5 c5
37.Re7+ Kf6 38.Re3 Kg7 39.Bf3 Nxh3 40.Kxh3 h5 41.Kg2 Rd8 42.a4 Rd2+ 43.Be2 Kf6
44.Kf2 Rd5 45.Re8 Kg5 46.Bf3 Rd3 47.Re5+  1-0

[Event "Najdorf Mem Open"]
[Site "Warsaw POL"]
[Date "2009.07.20"]
[Round "3"]
[White "Nebolsina,V"]
[Black "Sowul,B"]
[Result "1-0"]
[WhiteElo "2302"]
[BlackElo "2081"]

1.d4 Nf6 2.c4 g6 3.Nc3 Bg7 4.e4 d6 5.Be2 O-O 6.Nf3 Na6 7.O-O e5 8.Be3 c6
9.Re1 Ng4 10.Bg5 f6 11.Bc1 Kh8 12.h3 Nh6 13.Rb1 Nc7 14.b4 Ne6 15.d5 Nf4 16.Bxf4 exf4
17.dxc6 bxc6 18.Nd4 Bd7 19.c5 f5 20.Qd2 dxc5 21.bxc5 Qf6 22.Red1 Rad8 23.Qxf4 g5
24.Qd6 Qxd6 25.cxd6 c5 26.Nb3 Bxc3 27.Nxc5 fxe4 28.Rb7 Bc8 29.Rxa7 Bf5 30.g4 Bb4
31.Nb7 Rd7 32.gxf5 Bc5 33.Nxc5 Rxa7 34.Ne6 Rb8 35.d7 Nf7 36.a4 Rxa4 37.Rc1 Rg8
38.Bh5  1-0

[Event "17th Open"]
[Site "Saint Affrique FRA"]
[Date "2009.07.21"]
[Round "5"]
[White "Carre,S"]
[Black "Van Elst,A"]
[Result "0-1"]
[WhiteElo "2044"]
[BlackElo "2288"]

1.d4 Nf6 2.c4 g6 3.Nc3 Bg7 4.e4 d6 5.Nf3 O-O 6.Be2 Nbd7 7.O-O e5 8.Be3 Re8
9.d5 Nh5 10.g3 Bf8 11.Ne1 Ng7 12.Nd3 f5 13.b4 fxe4 14.Nxe4 Nf5 15.Bg5 Be7
16.Bxe7 Qxe7 17.Nc1 Nd4 18.Bg4 Nf6 19.Nxf6+ Qxf6 20.Nb3 Bxg4 21.Qxg4 Nf3+
22.Kg2 e4 23.h4 h5 24.Qh3 Re7 25.c5 Rf8 26.cxd6 cxd6 27.Rad1 Qb2 28.Kh1 Qxa2
29.Nd4 Nxd4 30.Rxd4 Rxf2 31.Rdd1 Ref7 32.Ra1 Qxd5 33.Rfd1 Qe5 34.Rxa7 e3  0-1

[Event "17th Open"]
[Site "Saint Affrique FRA"]
[Date "2009.07.21"]
[Round "5"]
[White "Bourges,J"]
[Black "Sanchez,N"]
[Result "1-0"]
[WhiteElo "2078"]
[BlackElo "2205"]

1.d4 Nf6 2.c4 g6 3.Nc3 Bg7 4.e4 d6 5.Nf3 O-O 6.Be2 e5 7.O-O Na6 8.Be3 Ng4
9.Bg5 Qe8 10.Re1 h6 11.Bh4 Nf6 12.Bf1 g5 13.Bg3 Nh5 14.dxe5 dxe5 15.Bxe5 Bg4
16.Bxg7 Nxg7 17.Nd5 Qd8 18.e5 Ne8 19.Re4 Bxf3 20.Qxf3 c6 21.Nf6+ Nxf6 22.exf6 Re8
23.Rh4  1-0

[Event "ch-Africa"]
[Site "Tripoli LBA"]
[Date "2009.07.21"]
[Round "1"]
[White "Solomon,K"]
[Black "Obiamiwe,P"]
[Result "1-0"]
[WhiteElo "2351"]
[BlackElo "2043"]

1.d4 Nf6 2.c4 g6 3.Nc3 Bg7 4.e4 d6 5.Be2 O-O 6.Nf3 e5 7.Be3 Ng4 8.Bg5 f6
9.Bh4 c6 10.h3 exd4 11.Nxd4 Nh6 12.O-O Na6 13.Qd2 Nc5 14.Rad1 Nf7 15.Bg3 Qe7
16.Rfe1 a5 17.b3 Rd8 18.Bf1 Qf8 19.Qc2 Ne6 20.Nde2 Nc5 21.Nd4 Ne6 22.Nce2 Nc5
23.a3 Ng5 24.Nc3 Nce6 25.Nde2 Nf7 26.Na4 Qe7 27.Nec3 Nf8 28.Nb6 Ra7 29.f3 Be6
30.Bf2 Qc7 31.Nbd5 cxd5 32.Nb5 Qc8 33.Nxa7 Qc7 34.Nb5 Qb8 35.exd5 Bd7 36.Nd4 f5
37.Ne6 Re8 38.Nxg7 Kxg7 39.Rxe8 Qxe8 40.Re1 Qd8 41.f4 g5 42.Qc3+ Kg8 43.g3 Ng6
44.Qe3 gxf4 45.gxf4 Qf8 46.Bg2 Qh6 47.Bg3 Qf8 48.b4 Qd8 49.c5 axb4 50.c6 bxc6
51.dxc6 bxa3 52.cxd7  1-0

[Event "XXVII Andorra Open"]
[Site "Arinsal AND"]
[Date "2009.07.22"]
[Round "5"]
[White "Karavade,E"]
[Black "Morros Faura,R"]
[Result "1/2-1/2"]
[WhiteElo "2386"]
[BlackElo "2217"]

1.d4 Nf6 2.c4 g6 3.Nc3 Bg7 4.e4 d6 5.Nf3 O-O 6.Be2 e5 7.Be3 h6 8.dxe5 Ng4
9.Bd2 Nxe5 10.Nd4 Nbc6 11.Be3 Nxd4 12.Bxd4 Be6 13.Nd5 c6 14.Ne3 Qh4 15.Bf3 Qf4
16.Bxe5 Qxe5 17.Rb1 Qa5+ 18.Qd2 Qxa2 19.O-O Rfd8 20.Be2 d5 21.cxd5 cxd5 22.exd5 Bxd5
23.Qb4 Bf8 24.Qh4 Be6 25.Bf3 Qb3 26.Ng4 Bxg4 27.Qxg4 Rd2 28.Rbc1 Rad8 29.Rc7 R2d4
30.Qh3 Rb4 31.Rd7 Rxd7 32.Qxd7 Qxb2 33.Bd5 Qf6 34.Bxb7 Qe7 35.Qxe7 Bxe7 36.Bd5 Bc5
37.g3 Rb2 38.Kg2 a5 39.Kf3 a4 40.Ke4 Rxf2 41.Rxf2 Bxf2 42.g4 Kf8 43.Ba2 Ke7
44.Ke5 Bh4 45.Bb1 Bf6+ 46.Kd5 Bg7 47.Ke4 Kf6 48.Ba2 Bf8 49.h3 Bd6 50.Bc4 Bg3
51.Kf3 Be1 52.Ke2 Bh4 53.Kf3 Ke5 54.Bxf7 a3 55.Ke3 Bg5+ 56.Kd3 Kf4 57.Kc2 Kg3
58.Bxg6 Kxh3 59.Bf5  1/2-1/2

[Event "Synthesia Rapid Open"]
[Site "Pardubice CZE"]
[Date "2009.07.22"]
[Round "1"]
[White "Kutynec,V"]
[Black "Maximov,D"]
[Result "0-1"]
[WhiteElo "2241"]
[BlackElo "2485"]

1.Nf3 Nf6 2.c4 g6 3.Nc3 Bg7 4.e4 d6 5.d4 O-O 6.Be2 e5 7.dxe5 dxe5 8.Qxd8 Rxd8
9.Bg5 Re8 10.O-O-O h6 11.Bh4 Na6 12.Nd2 c6 13.f3 Be6 14.Nb3 Nd7 15.Na4 Bf8
16.Bf2 b6 17.Kb1 Rab8 18.Rc1 f5 19.Nc3 Nf6 20.Rhd1 Rb7 21.a3 Rf7 22.Nd2 Nc7
23.b4 Bd7 24.c5 b5 25.Nb3 Ne6 26.Be3 a6 27.Bd3 f4 28.Bf2 g5 29.Kb2 g4 30.a4 Rg7
31.axb5 axb5 32.Bf1 Ng5 33.Bh4 Be7 34.Bxg5 hxg5 35.Ra1 gxf3 36.gxf3 g4 37.fxg4 Bxg4
38.Rd2 Bf3 39.Ra6 Nxe4 40.Nxe4 Bxe4 41.Rxc6 Bxc6  0-1

[Event "TCh Eur-Youth U18"]
[Site "Pardubice CZE"]
[Date "2009.07.22"]
[Round "7"]
[White "Jacko,V2"]
[Black "Martinovic,Sa"]
[Result "1/2-1/2"]
[WhiteElo "2079"]
[BlackElo "2525"]

1.d4 Nf6 2.Nf3 g6 3.c4 Bg7 4.Nc3 O-O 5.e4 d6 6.Be2 Na6 7.O-O e5 8.dxe5 dxe5
9.Qxd8 Rxd8 10.Bg5 Re8 11.Nd2 c6 12.f3 Nc5 13.Be3 Ne6 14.Rfd1 Nd4 15.Rac1 Be6
16.Nb3 Nxb3 17.axb3 Bf8 18.Ra1 Nd7 19.Bd3 Nc5 20.Bc2 Na6 21.Rd2 Bb4 22.Rdd1 f6
23.Kf2 Kf7 24.Ne2 h5 25.Nc1 Be7 26.Nd3 Red8 27.Ke2 Rdc8 28.Kf2 c5 29.Ra5 Bd8
30.Ra3 Bb6 31.Ke2 Nb8 32.Nc1 Nc6 33.Bd3 Nd4+ 34.Kf2 Bd8 35.Ne2 Be7 36.Nc3 b5
37.Ra6 b4 38.Bxd4 cxd4 39.Nb5  1/2-1/2

[Event "4th Summer Cup"]
[Site "Porto Carras GRE"]
[Date "2009.07.22"]
[Round "6"]
[White "Pavlidou,E"]
[Black "Andreou,A"]
[Result "1/2-1/2"]
[WhiteElo "2179"]
[BlackElo "2214"]

1.d4 Nf6 2.c4 g6 3.Nc3 Bg7 4.e4 d6 5.Nf3 O-O 6.Be2 e5 7.Be3 Na6 8.O-O Ng4
9.Bg5 Qe8 10.h3 exd4 11.Nd5 f6 12.Bc1 c6 13.hxg4 cxd5 14.exd5 d3 15.Qxd3 Nc5
16.Qd1 Bxg4 17.Nd4 Bxe2 18.Qxe2 Qxe2 19.Nxe2 f5 20.Rd1 Rfe8 21.Ng3 Ne4  1/2-1/2

[Event "XXXV d'Esca Open"]
[Site "Sitges ESP"]
[Date "2009.07.22"]
[Round "1"]
[White "Cruz,Cr"]
[Black "Rius Marse,J"]
[Result "1-0"]
[WhiteElo "2525"]
[BlackElo "2011"]

1.d4 Nf6 2.c4 g6 3.Nc3 Bg7 4.e4 d6 5.Be2 O-O 6.Nf3 Nbd7 7.O-O e5 8.Re1 Re8
9.Bf1 exd4 10.Nxd4 Nc5 11.f3 Ne6 12.Nde2 Nh5 13.Be3 Be5 14.Qd2 g5 15.g3 Qf6
16.Bg2 c6 17.Rf1 Qg7 18.f4 gxf4 19.gxf4 Bf6 20.Kh1 Qf8 21.Bf3 Nhg7 22.Rg1 Kh8
23.Rg3 Bh4 24.Rg4 Qe7 25.f5 Nc5 26.Rag1 Nxf5 27.exf5 Bxf5 28.Bd4+ Bf6 29.Rf4 Qxe2
30.Bxf6+  1-0

[Event "Najdorf Mem Open"]
[Site "Warsaw POL"]
[Date "2009.07.22"]
[Round "5"]
[White "Dziuba,M"]
[Black "Czarnota,P"]
[Result "1/2-1/2"]
[WhiteElo "2562"]
[BlackElo "2530"]

1.d4 Nf6 2.c4 g6 3.Nc3 Bg7 4.e4 d6 5.Nf3 O-O 6.Be2 e5 7.O-O Na6 8.Be3 c6
9.d5 Ng4 10.Bg5 f6 11.Bh4 c5 12.Ne1 h5 13.a3 Bd7 14.h3 Nh6 15.Nd3 Qe7 16.b4 Nf7
17.Qc2 b6 18.b5 Nc7 19.a4 a5 20.bxa6 Rxa6 21.Ra3 Rfa8  1/2-1/2

[Event "Najdorf Mem Open"]
[Site "Warsaw POL"]
[Date "2009.07.23"]
[Round "6"]
[White "Brodsky,M"]
[Black "Dziuba,M"]
[Result "1/2-1/2"]
[WhiteElo "2522"]
[BlackElo "2562"]

1.d4 Nf6 2.c4 g6 3.Nc3 Bg7 4.e4 d6 5.Be2 O-O 6.Nf3 e5 7.Be3 c6 8.O-O exd4
9.Bxd4 Re8 10.Qc2 Nbd7 11.Rad1 b6 12.e5  1/2-1/2

[Event "Czech Open A"]
[Site "Pardubice CZE"]
[Date "2009.07.24"]
[Round "1"]
[White "Gavrilov,Al1"]
[Black "Nilsson,S"]
[Result "1-0"]
[WhiteElo "2480"]
[BlackElo "2274"]

1.d4 Nf6 2.c4 g6 3.Nc3 Bg7 4.e4 O-O 5.Nf3 d6 6.Be2 e5 7.Be3 Ng4 8.Bg5 f6
9.Bc1 exd4 10.Nxd4 f5 11.h3 Nh6 12.Bxh6 Bxh6 13.exf5 Bxf5 14.O-O Nc6 15.c5 Nxd4
16.Qxd4 Bg7 17.Qc4+ Kh8 18.Rad1 Qg5 19.f4 Qh4 20.cxd6 cxd6 21.Rf3 Rac8 22.Qb4 Rfe8
23.Bf1 Qe7 24.Qxd6 Qxd6 25.Rxd6 Red8 26.Rxd8+ Rxd8 27.b3 Rd2 28.a4 Rc2 29.Nb5 h6
30.Bd3 Rc1+ 31.Kf2 Bxd3 32.Rxd3 Rc2+ 33.Kf3 a6 34.Nd6 b6 35.g4 Bf8 36.Ne4 b5
37.axb5 axb5 38.Rd8 Kg8 39.Rb8 b4 40.Rb7 Rc6 41.f5 g5 42.Ke3  1-0

[Event "ch-Euro Senior"]
[Site "Rogaska Slatina SLO"]
[Date "2009.07.24"]
[Round "3"]
[White "Stull,N"]
[Black "Bratko,I"]
[Result "0-1"]
[WhiteElo "2156"]
[BlackElo "2229"]

1.d4 Nf6 2.c4 g6 3.Nc3 Bg7 4.e4 d6 5.Nf3 O-O 6.Be2 e5 7.O-O exd4 8.Nxd4 c6
9.f3 Re8 10.Be3 d5 11.cxd5 cxd5 12.Qb3 dxe4 13.Bc4 Qe7 14.fxe4 Be6 15.Nxe6 fxe6
16.Rad1 Nc6 17.Qb5 Ng4 18.Bg5 Qc7 19.Bf4 Be5 20.Nd5 exd5 21.exd5 Na5  0-1

[Event "13th Battle of Senta Open A"]
[Site "Senta SRB"]
[Date "2009.07.24"]
[Round "8"]
[White "Damjanovic,D"]
[Black "Dragovic,M"]
[Result "1/2-1/2"]
[WhiteElo "2230"]
[BlackElo "2383"]

1.d4 Nf6 2.c4 g6 3.Nc3 Bg7 4.e4 d6 5.Be2 O-O 6.Nf3 e5 7.Be3 Re8 8.d5 Ng4
9.Bg5 f6 10.Bh4 Nh6 11.Nd2 c5 12.g4 Nf7 13.f3 Bh6 14.Nf1 Na6 15.Bd3 Bd7 16.Qe2 Kg7
17.Ne3 Rb8 18.O-O Nb4 19.Bb1 b5 20.a3 Na6 21.cxb5 Bxe3+ 22.Qxe3 Bxb5 23.Nxb5 Rxb5
24.Bd3 Rb3 25.Qe2 Nc7 26.Bc4 Rb7 27.a4 Qd7 28.b3 Rh8 29.Bg3 h5 30.Kg2 Rbb8
31.Rh1 Rh7 32.h3 Rbh8 33.Rad1 Qe7 34.Qd2 Ng5 35.Qc1 hxg4 36.hxg4 Nh3 37.Rh2 g5
38.Rdh1 Nf4+ 39.Kf2 Rxh2+ 40.Rxh2 Qd8 41.Rxh8 Qxh8 42.Qc3 Qb8 43.Ke3 Qb6
44.Kd2 Ng6 45.Kc2 Na6 46.Qe1 Nb4+ 47.Kb2 Qd8 48.Qh1 Nf4 49.Be1 Qb8 50.Bc3 Ng6
51.Qe1 Nh4 52.Qf2 Qb6 53.Qe2 Qb8 54.Qf2 Qb7 55.Qe2 Kf8 56.Bb5 Ke7 57.Ka3 Kd8
58.Be1 Qc7 59.Qh2 Qh7 60.Bc4 Kc8 61.Bb5 Kb8 62.Bc4 Qh8 63.Bxb4 cxb4+ 64.Kxb4 Qc8
65.Qf2 Kb7 66.a5 Qb8 67.Bb5 Kc8 68.Qc2+ Qc7 69.Qxc7+ Kxc7 70.Be2 Ng6 71.Kb5 Kb7
72.b4 Nh4 73.Ka4 Ng2 74.Kb3 Nh4 75.Kc3 Kc7 76.Kd2 Kb7 77.Ke1 Kc7 78.Kf2 Kb7
79.Bd1 Ng6 80.Be2 Nh4 81.Bf1 Ng6 82.Bb5 Nf4 83.Ke3 Ng2+ 84.Kd2 Nh4 85.Ke2 Kc7
86.Kf2 Ng6 87.Ke3 Nh4 88.Bf1 Kb7 89.Be2 Kc7 90.b5 Kb7 91.Kd2 Ng6 92.Kc3 Nf8
93.Bd1 Nd7 94.Kb4 Nc5 95.Bc2 Nd7 96.Bd3 Nc5 97.Be2 Nd7  1/2-1/2

[Event "XXVII Andorra Open"]
[Site "Arinsal AND"]
[Date "2009.07.25"]
[Round "8"]
[White "Peralta,Fe"]
[Black "Lopez Martinez,Josep"]
[Result "1/2-1/2"]
[WhiteElo "2545"]
[BlackElo "2555"]

1.d4 Nf6 2.c4 g6 3.Nc3 Bg7 4.e4 d6 5.Nf3 O-O 6.Be2 e5 7.Be3 c6 8.d5 Ng4 9.Bg5 f6
10.Bh4 c5 11.O-O Na6 12.a3 h5 13.Ne1 Nh6 14.f3 Nf7 15.Nc2 Bh6 16.b4 Kg7 17.Rb1 Bd7
18.Bd3 Qe7 19.Qe2 b6 20.Rb2 Rfc8 21.Ra1 Bg5 22.Bxg5 fxg5 23.Ne3 Rh8 24.b5 Nc7
25.a4 a5 26.bxa6 Rxa6 27.Bc2 Rb8 28.Rab1 Ne8 29.Bd1 Qd8 30.Qd2  1/2-1/2

[Event "ZMD Open"]
[Site "Dresden GER"]
[Date "2009.07.25"]
[Round "1"]
[White "Sanikidze,T"]
[Black "Knoblach,N"]
[Result "1-0"]
[WhiteElo "2559"]
[BlackElo "1885"]

1.d4 Nf6 2.c4 g6 3.Nc3 Bg7 4.e4 d6 5.Nf3 O-O 6.Be2 Nbd7 7.O-O e5 8.Re1 a5
9.Bf1 Re8 10.Rb1 c6 11.d5 Nc5 12.b3 Nh5 13.Bg5 f6 14.Be3 Bd7 15.Nd2 f5 16.f3 f4
17.Bf2 Bf6 18.a3 Na6 19.b4 axb4 20.axb4 c5 21.bxc5 Nxc5 22.Nb5 Bxb5 23.Rxb5 b6
24.Qb1 Ra6 25.Qb2 Bh4 26.Bxh4 Qxh4 27.Ra1 Rea8 28.Rxa6 Rxa6 29.Nb3 Qe1 30.Nxc5 Ra1
31.Qf2 Qxf2+ 32.Kxf2 bxc5 33.Rb6 Nf6 34.Rxd6 Kf7 35.Rc6 Ra5 36.Rc7+ Ke8 37.g3 g5
38.gxf4 gxf4 39.Bh3 Ra2+ 40.Ke1 Rxh2 41.Be6 h5 42.d6  1-0

[Event "Czech Open A"]
[Site "Pardubice CZE"]
[Date "2009.07.25"]
[Round "2"]
[White "Biriukov,O"]
[Black "Maslak,K"]
[Result "0-1"]
[WhiteElo "2367"]
[BlackElo "2545"]

1.d4 Nf6 2.c4 g6 3.Nc3 Bg7 4.e4 O-O 5.Nf3 d6 6.Be2 Nbd7 7.O-O e5 8.Qc2 Nh5
9.Rd1 Nf4 10.Bf1 c5 11.Nb5 cxd4 12.Nbxd4 Nxg2 13.Bg5 Bf6 14.Bh6 exd4 15.Bxf8 Nxf8
16.Bxg2 Bg4 17.Nxd4 Bxd1 18.Rxd1 Be5 19.Nf3 Qf6 20.Nxe5 dxe5 21.Bh3 Qg5+
22.Kh1 Qh4 23.Kg2 h6 24.f3 Qg5+ 25.Kh1 Nh7 26.c5 Qf6 27.Qb3 Rd8 28.Rd5 Ng5
29.Kg2 b6 30.cxb6 axb6 31.Rxd8+ Qxd8 32.Qe3 Kg7 33.Qc3 Kh7 34.Bc8 Kg8 35.Bg4 Qd6
36.Qc8+ Kg7 37.Qd7 Qf6 38.h4 Nh7 39.h5 Nf8 40.Qc7 Qg5 41.hxg6 Nxg6 42.Kf1 Nf4
43.Ke1  0-1

[Event "zt 3.3"]
[Site "Ho Chi Minh City VIE"]
[Date "2009.07.26"]
[Round "5"]
[White "Watanabe,A"]
[Black "Lo Kin Mun,D"]
[Result "0-1"]
[WhiteElo "2339"]
[BlackElo "2154"]

1.d4 Nf6 2.c4 g6 3.Nc3 Bg7 4.e4 d6 5.Be2 O-O 6.Nf3 e5 7.Be3 exd4 8.Nxd4 Re8
9.f3 Nc6 10.O-O Nh5 11.Nxc6 bxc6 12.f4 Bxc3 13.bxc3 Rxe4 14.Bd4 Ng7 15.Bf3 Rxf4
16.Bxc6 Rxf1+ 17.Qxf1 Rb8 18.Bxa7 Rb2 19.a4 Nf5 20.a5 Ba6 21.Qf4 Qe7 22.Bf2 Qe2
23.Bd5 Qc2 24.g4 c6 25.Be4 Qxc3 26.Rd1 Rxf2 27.Qxf2 Ne3 28.Rb1 Nxc4 29.g5 Nxa5
30.Qb6 Bb5 31.Qd8+ Kg7 32.Qxd6 Qe3+ 33.Kh1 Qxe4+  0-1

[Event "MTO"]
[Site "Biel SUI"]
[Date "2009.07.27"]
[Round "7"]
[White "Rodshtein,M"]
[Black "Gerber,R"]
[Result "1-0"]
[WhiteElo "2623"]
[BlackElo "2388"]

1.d4 Nf6 2.c4 g6 3.Nc3 Bg7 4.e4 d6 5.Be2 O-O 6.Nf3 e5 7.O-O Nbd7 8.Qc2 exd4
9.Nxd4 Re8 10.Be3 Nc5 11.f3 c6 12.Rfd1 Qe7 13.Bf2 a5 14.Qd2 Nfd7 15.b3 Ne5
16.Rac1 Qf8 17.Nc2 f5 18.Qxd6 Qxd6 19.Rxd6 Nf7 20.Rdd1 Nxb3 21.axb3 Bxc3
22.Nd4 Bb4 23.exf5 Bxf5 24.Kf1 Rad8 25.Nxf5 gxf5 26.Bb6 Rxd1+ 27.Rxd1 Ne5
28.Kf2 Re7 29.Rd8+ Kf7 30.Ra8 Re8 31.Ra7 Nd7 32.Rxb7 Ke6 33.Bd4 Re7 34.Bd3 Nc5
35.Bxf5+ Kxf5 36.Rxe7 Nxb3 37.g4+ Kg6 38.Rg7+ Kh6  1-0

[Event "MTO"]
[Site "Biel SUI"]
[Date "2009.07.27"]
[Round "7"]
[White "Meins,G"]
[Black "Shomoev,A"]
[Result "0-1"]
[WhiteElo "2488"]
[BlackElo "2580"]

1.d4 Nf6 2.c4 g6 3.Nc3 Bg7 4.e4 d6 5.Be2 O-O 6.Nf3 e5 7.Be3 c6 8.O-O exd4
9.Nxd4 Re8 10.Bf3 Nbd7 11.Bf4 Ne5 12.Be2 a6 13.Rc1 Nfd7 14.Be3 Nf6 15.Bf4 Bd7
16.Nb3 Qe7 17.Na5 b6 18.Nb3 b5 19.c5 dxc5 20.Bxe5 Qxe5 21.f4 Qe7 22.e5 c4
23.exf6 Bxf6 24.Na5 Bf5 25.Rf2 Rad8 26.Qf1 Qc7 27.b4 Rd2 28.g4 Bd7 29.Kh1 Bd4
30.Rg2 Qd6 31.a3 Qf6 32.g5 Qg7 33.Nb1 Rb2 34.Bf3 Bh3 35.Nxc6 Re3 36.Re1 c3
37.Rxe3 Bxe3 38.Qd1 Bxg2+ 39.Bxg2 h5 40.gxh6 c2  0-1

[Event "ch-AUT"]
[Site "Jenbach AUT"]
[Date "2009.07.27"]
[Round "3"]
[White "Kleissl,H"]
[Black "Kuthan,A"]
[Result "0-1"]
[WhiteElo "2271"]
[BlackElo "2197"]

1.Nf3 Nf6 2.c4 g6 3.Nc3 Bg7 4.e4 d6 5.d4 O-O 6.Be2 e5 7.O-O Na6 8.Be3 Ng4
9.Bg5 Qe8 10.dxe5 dxe5 11.h3 f6 12.Bd2 Nh6 13.a3 c6 14.b4 Nf7 15.Bc1 Qe7
16.c5 Nc7 17.Nb1 Ne6 18.Bb2 Rd8 19.Qc2 Nd4 20.Bxd4 exd4 21.Bd3 Ne5 22.Nxe5 fxe5
23.Nd2 Rf8 24.a4 Bh6 25.Bc4+ Kh8 26.Ra3 a5 27.bxa5 Qxc5 28.Rf3 Be6 29.Qb3 Rxf3
30.gxf3 Bxh3 31.Rd1 Qe7 32.f4 Bg4 33.f3 Bh3 34.Bf1 Be6 35.Bc4 Bh3 36.Bf1 Bxf1
37.Nxf1 Bxf4 38.Rb1 Rxa5 39.Qc2 Rc5 40.Rxb7 Rxc2 41.Rxe7 Ra2 42.Rc7  0-1

[Event "ch-AUT"]
[Site "Jenbach AUT"]
[Date "2009.07.27"]
[Round "3"]
[White "Kessler,L"]
[Black "Schnegg,D"]
[Result "1/2-1/2"]
[WhiteElo "2006"]
[BlackElo "2092"]

1.d4 Nf6 2.c4 g6 3.Nc3 Bg7 4.e4 d6 5.Nf3 O-O 6.Be2 e5 7.Be3 Ng4 8.Bg5 f6
9.Bh4 g5 10.Bg3 Nh6 11.d5 Nd7 12.Nd2 f5 13.exf5 Nf6 14.Nde4 Nxe4 15.Nxe4 Nxf5
16.O-O Nd4 17.Bg4 Qe7 18.Bxc8 Raxc8 19.Rc1 c5 20.Re1 b5 21.b3 bxc4 22.bxc4 Rb8
23.Qd2 Rb4 24.a3 Rb3 25.Rc3 Rfb8 26.h3 Rb2 27.Qd3 Ra2 28.Kh1 Rbb2 29.Rb1 Qb7
30.Rxb2 Qxb2 31.Nxg5 Ra1+ 32.Kh2 Qb1 33.Qxb1 Rxb1 34.Ne4 Rb6 35.Bh4 h6 36.Bd8 Ra6
37.h4 Kf7 38.h5 Ke8 39.Bf6 Bf8 40.g4 Rb6 41.Re3 Rb2 42.g5 hxg5 43.Bxg5 Kf7
44.Rh3 Re2 45.Be3 Kg7 46.h6+ Kh8 47.h7 Be7 48.Kg1 Re1+ 49.Kg2 Ne2 50.f3 Nf4+
51.Bxf4 exf4 52.Rh6 Re2+ 53.Kf1 Rb2 54.Nxd6 Bxd6 55.Rxd6 Kxh7 56.Rd7+ Kg6
57.Rxa7 Kf5 58.Rf7+ Ke5 59.Re7+ Kf5 60.d6 Rd2 61.d7 Kf6 62.Re4 Kf5 63.Re2 Rxd7
64.Ra2 Rd4 65.a4 Rxc4 66.a5 Rb4 67.a6 Rb8 68.a7 Ra8 69.Ke2 Ke5 70.Kd3 Kd5
71.Kc3 Kd6 72.Kc4 Kc6 73.Ra3 Kb6 74.Ra2 Kc6 75.Ra1 Kb6 76.Kd5 Rd8+ 77.Ke4 Ra8
78.Kd5 Rd8+ 79.Kc4 Ra8 80.Ra2 Kc6 81.Ra6+ Kb7 82.Kb5 c4 83.Rb6+ Kc7 84.Rc6+ Kb7
85.Rxc4 Rxa7 86.Rxf4 Ra3 87.Kc5 Kc7 88.Kd5 Kd7 89.Ke5 Ke7 90.Kf5 Kf7 91.Kg5+ Kg7
92.Kg4 Kg6 93.Rb4 Ra6 94.f4 Rc6 95.Ra4 Rb6 96.Ra8 Rc6 97.Rg8+ Kf7 98.Ra8 Kg6
99.Ra5 Rb6 100.Rg5+ Kf6 101.Rh5 Kg6 102.f5+ Kg7 103.Kg5 Rb1 104.f6+ Kf8 105.Rh8+ Kf7
106.Rh7+ Kf8  1/2-1/2

[Event "Czech Open A"]
[Site "Pardubice CZE"]
[Date "2009.07.27"]
[Round "4"]
[White "Korobov,A"]
[Black "Neuman,P"]
[Result "1/2-1/2"]
[WhiteElo "2623"]
[BlackElo "2427"]

1.d4 Nf6 2.c4 g6 3.Nc3 Bg7 4.e4 d6 5.Nf3 O-O 6.Be2 e5 7.O-O Na6 8.d5 Nc5
9.Qc2 a5 10.Bg5 h6 11.Be3 Ng4 12.Bxc5 dxc5 13.h3 Nf6 14.Nxe5 Nxd5 15.cxd5 Bxe5
16.f4 Bd4+ 17.Kh2 g5 18.Nb5 Be3 19.f5 Bd7 20.Na3 Bd4 21.Rad1 Qf6 22.Kh1 Rfe8
23.Bb5 c6 24.dxc6 bxc6 25.Be2 Bc8 26.Nc4 Ba6 27.Nb6 Bxe2 28.Qxe2 Ra7 29.Nc4 Rae7
30.Rde1 Rxe4 31.Qxe4 Rxe4 32.Rxe4 Bxb2 33.Nxa5 Qd6 34.Ree1 Qd5 35.Rd1 Qxa2
36.Nxc6 Bf6 37.Nb8 Bd4 38.Nc6 Bf6 39.Nb8 Bd4 40.Nc6  1/2-1/2

[Event "Czech Open A"]
[Site "Pardubice CZE"]
[Date "2009.07.27"]
[Round "4"]
[White "Tiemann,C"]
[Black "Jasny,S"]
[Result "1-0"]
[WhiteElo "2217"]
[BlackElo "2364"]

1.Nf3 Nf6 2.c4 g6 3.Nc3 Bg7 4.e4 d6 5.d4 O-O 6.Be2 e5 7.Be3 Ng4 8.Bg5 f6
9.Bc1 Nc6 10.d5 Ne7 11.h3 Nh6 12.h4 c6 13.h5 g5 14.Nh2 Kh8 15.g4 Rf7 16.Be3 Bf8
17.O-O Neg8 18.b4 c5 19.a3 Be7 20.Qb3 Qf8 21.f3 Rg7 22.Rfb1 b6 23.Nf1 f5
24.exf5 Nxf5 25.gxf5 Bxf5 26.Rb2 g4 27.f4 exf4 28.Bxf4 Bf6 29.Ng3 Bd4+ 30.Kg2 Re8
31.Rf1 Rf7 32.Nb5 Be4+ 33.Nxe4 Rxe4 34.Nxd4 cxd4 35.Bxd6 Qxd6 36.Rxf7 Re3
37.Qc2 Nf6 38.Qf5 Qg3+ 39.Kf1 Qh3+ 40.Ke1 Qh1+ 41.Qf1 Qh4+ 42.Kd1 Nxh5 43.Qf5 Qh1+
44.Bf1  1-0

[Event "XXXV d'Esca Open"]
[Site "Sitges ESP"]
[Date "2009.07.27"]
[Round "6"]
[White "Alexandrova,O"]
[Black "Martinez Duany,L"]
[Result "1/2-1/2"]
[WhiteElo "2388"]
[BlackElo "2507"]

1.d4 Nf6 2.c4 d6 3.Nf3 g6 4.Nc3 Bg7 5.e4 O-O 6.Be2 Nbd7 7.O-O e5 8.Be3 c6
9.Qc2 h6 10.dxe5 dxe5 11.Rad1 Qe7 12.h3 Kh7 13.a3 Nh5 14.b4 Nf4 15.Rfe1 Nxe2+
16.Rxe2 a5 17.Red2 axb4 18.axb4 Re8 19.Rd6 Bf8 20.c5 Nf6 21.b5 cxb5 22.Nxb5 Bd7
23.Nc3 Bc6 24.Qb1 Ra3 25.Nd5 Bxd5 26.exd5 e4 27.Nd2 Rd3 28.Nc4 Rxd1+ 29.Qxd1 Ra8
30.Rb6 Bg7 31.Nd6 Qe5 32.Nxf7 Qxd5 33.Qxd5 Nxd5 34.Rxb7 Ra1+ 35.Kh2 Nxe3
36.fxe3 Re1 37.Re7 Bf8 38.Rxe4 Bxc5 39.Kg3 Rf1 40.Rf4 Re1 41.e4 Re3+ 42.Kh2 Bd4
43.h4 Kg7 44.g3 Bf6 45.e5  1/2-1/2

[Event "ZMD Open"]
[Site "Dresden GER"]
[Date "2009.07.28"]
[Round "4"]
[White "Schaburov,W"]
[Black "Meissner,F"]
[Result "1/2-1/2"]
[WhiteElo "1990"]
[BlackElo "2099"]

1.d4 Nf6 2.Nf3 g6 3.c4 Bg7 4.Nc3 O-O 5.e4 d6 6.Be2 e5 7.O-O Na6 8.dxe5 dxe5
9.Bg5 Qxd1 10.Bxd1 Re8 11.Ne1 Nc5 12.f3 c6 13.Be2 a5 14.Nd3 Nfd7 15.Nxc5 Nxc5
16.Na4 Ne6 17.Be3 Nd4 18.Bd3 Rd8 19.Rfd1 Bf8 20.c5 Be6 21.Kf1 Kg7 22.h3 h6
23.Bxd4 Rxd4 24.Be2 Rad8 25.Rxd4 exd4 26.Bd3 g5 27.Ke2 Be7 28.Rd1 h5 29.Kf2 h4
30.b3 Kf6 31.Rc1 Ke5 32.Re1 Kf6 33.Ke2 Ke5 34.Kf1 Kf6 35.Re2 Kg7 36.Ke1 Kf6
37.Kd1 Kg7 38.Kc2 Kf6 39.Kb2 Kg7 40.Rd2 Kf6  1/2-1/2

[Event "Czech Open A"]
[Site "Pardubice CZE"]
[Date "2009.07.28"]
[Round "5"]
[White "Ni,V"]
[Black "Aliavdin,N"]
[Result "1-0"]
[WhiteElo "2151"]
[BlackElo "2372"]

1.d4 Nf6 2.c4 g6 3.Nc3 Bg7 4.e4 d6 5.Nf3 O-O 6.Be2 e5 7.dxe5 dxe5 8.Qxd8 Rxd8
9.Bg5 Nbd7 10.O-O-O Rf8 11.Nd5 c6 12.Ne7+ Kh8 13.Be3 Re8 14.Nxc8 Raxc8 15.g4 Nf8
16.Nd2 Ne6 17.g5 Nd7 18.Nb3 Rc7 19.Bg4 Bf8 20.Bxe6 Rxe6 21.Rd3 Rd6 22.Rhd1 Rxd3
23.Rxd3 b6 24.Kd1 Kg7 25.Ke2 f6 26.h4 Be7 27.Kf3 Nf8 28.Kg4 Ne6 29.f4 exf4
30.Bxf4 Nxf4 31.Kxf4 h6 32.gxh6+ Kxh6 33.h5 gxh5 34.Kf5 h4 35.Nd4 Bc5 36.Ne6 Rc8
37.Nxc5 bxc5 38.Kxf6 Rf8+ 39.Ke7 Rf2 40.e5 Rxb2 41.e6 Kg6 42.Kd7 Rb7+ 43.Kd6 a5
44.e7 Rb8 45.Kc7 Ra8 46.Rd8 Ra7+ 47.Kd6 Rxe7 48.Kxe7  1-0